Detalles MARC
| 000 -CABECERA |
| campo de control de longitud fija |
01226nam a22002777a 4500 |
| 003 - IDENTIFICADOR DEL NÚMERO DE CONTROL |
| campo de control |
BPGM |
| 005 - FECHA Y HORA DE LA ÚLTIMA TRANSACCIÓN |
| campo de control |
20260630155432.0 |
| 008 - DATOS DE LONGITUD FIJA--INFORMACIÓN GENERAL |
| campo de control de longitud fija |
260630m19911997mx ad||gr||||s001 0 spa d |
| 020 ## - NÚMERO INTERNACIONAL ESTÁNDAR DEL LIBRO |
| Número Internacional Estándar del Libro |
968-7377-38-0 |
| 040 ## - FUENTE DE LA CATALOGACIÓN |
| Centro catalogador/agencia de origen |
BPGM |
| Lengua de catalogación |
spa |
| 041 ## - CÓDIGO DE LENGUA |
| Código de lengua del texto/banda sonora o título independiente |
SPA |
| Código de lengua original |
SPA |
| 082 04 - NÚMERO DE LA CLASIFICACIÓN DECIMAL DEWEY |
| Número de clasificación |
338.97245 |
| Número de documento/Ítem |
M45 |
| 100 ## - ENTRADA PRINCIPAL--NOMBRE DE PERSONA |
| Nombre de persona |
GOBIERNO DEL ESTADO DE QUERETARO |
| Término indicativo de función/relación |
AUTOR |
| 245 ## - MENCIÓN DE TÍTULO |
| Título |
MEMORIA GRAFICA |
| Resto del título |
ACCIONES Y OBRAS 1991-1997 |
| 250 ## - MENCIÓN DE EDICIÓN |
| Mención de edición |
PRIMERA EDICION |
| 260 ## - PUBLICACIÓN, DISTRIBUCIÓN, ETC. |
| Lugar de publicación, distribución, etc. |
QUERETARO |
| Nombre del editor, distribuidor, etc. |
GOBIERNO DEL ESTADO DE QUERETARO |
| Fecha de publicación, distribución, etc. |
1997 |
| 300 ## - DESCRIPCIÓN FÍSICA |
| Extensión |
215 páginas |
| Dimensiones |
29 cm x 28.5 cm |
| 336 ## - TIPO DE CONTENIDO |
| Fuente |
rdacontent |
| Término de tipo de contenido |
texto |
| Código de tipo de contenido |
txt |
| 337 ## - TIPO DE MEDIO |
| Fuente |
rdamedia |
| Nombre/término del tipo de medio |
sin mediación |
| Código del tipo de medio |
n |
| 338 ## - TIPO DE SOPORTE |
| Fuente |
rdacarrier |
| Nombre/término del tipo de soporte |
volumen |
| Código del tipo de soporte |
nc |
| 505 ## - NOTA DE CONTENIDO CON FORMATO |
| Nota de contenido con formato |
El libro Memoria gráfica: acciones y obras 1991-1997 documenta el gobierno de Enrique Burgos García en Querétaro, mostrando en 215 páginas con fotografías las principales obras públicas, programas sociales y acciones de modernización realizadas durante su administración. Es una recopilación visual y escrita que busca dejar constancia de los avances en infraestructura, educación, salud y desarrollo urbano en ese periodo. |
| 650 ## - PUNTO DE ACCESO ADICIONAL DE MATERIA--TÉRMINO DE MATERIA |
| Fuente del encabezamiento o término |
PRODUCCION |
| 650 ## - PUNTO DE ACCESO ADICIONAL DE MATERIA--TÉRMINO DE MATERIA |
| Fuente del encabezamiento o término |
ECOLOGIA |
| 650 ## - PUNTO DE ACCESO ADICIONAL DE MATERIA--TÉRMINO DE MATERIA |
| Fuente del encabezamiento o término |
OBRAS ENCICLOPEDICAS GENERALES |
| 942 ## - ELEMENTOS DE PUNTO DE ACCESO ADICIONAL (KOHA) |
| Fuente del sistema de clasificación o colocación |
Dewey Decimal Classification |
| Tipo de ítem Koha |
Colección Querétaro |